00680nab a2200205 uc450000100070000000500170000700800410002403500110006503500210007604000130009704100080011010000340011824500920015265000310024465000270027565000310030265000210033365000150035477301050036984552020240702090016.0030919s1999 eng  a845520 a(OCoLC)820076916 ccomduadb aeng10aHing Corton, Rosina4auteaut10aOn necesary and sufficient conditions for the asymptotic stability of interval matrices aCriterio de Routh- Hurwitz aEstabilidad asintotica 7aMatrices (Matemáticas)2 7aAlgoritmos2lemb aPolinomios0 tInvestigación Operacional (La Habana)gVol. 20, No. 02, 1999, p. 95-101w508470x0257-43060122068